000 00844nam a2200253 i 4500
003 DO-SdBNP
005 20250613095434.0
007 ta
008 111121s199- dr c 000 0 spa d
040 _aDO-SdBNP
_bspa
_cBNPHU
_erda
082 4 _axxxx
_bH731
_222
100 1 _aHolguín Veras, Miguel A.,
_d1927-2007
_913921
245 1 0 _aEduardo Brito :
_bAntonio Mesa, cuatro artículos acerca de la música /
_cMiguel A. Holguín Veras.
264 _aSanto Domingo :
_bEdiciones Holedi,
_c[19u?].
300 _a108, 61 páginas ;
_c23 cm.
336 _atexto
_btxt
_2rdacontent
337 _asin mediación
_bn
_2rdamedia
338 _avolumen
_bnc
_2rdacarrier
490 0 _aSemblanzas
500 _aDos obras encuadernadas juntas con paginación invertida.
590 _aInventariado, 2022/ YL
910 _aYLockward
942 _2ddc
_cLBS1
999 _c35459
_d35459